01534nab a2200217uuc4500001000800000005001700008008004100025035001200066035002100078040001300099041000800112100003900120245009000159520084300249650001801092650001601110650001701126650003501143700004101178773009701219105781520241025091700.0071122e20070601 spa  a1057815 a(OCoLC)820277887 ccomduadb aspa10aSuarez G., Miguel Andres4auteaut10aLista de especies de los escarabajos fruteros (Melolonthidae: Cetoniinae) de Colombia3 aRESUMEN : Las características particulares tanto de los adultos como de las larvas, han llevado a algunos autores a considerarlos como un grupo independiente dentro de la familia Scarabaeidae. Varios autores latinoamericanos siguen la propuesta de Endrodi, (1966), quién considera a los Cetoninos, como una subfamilia dentro de la familia Melolonthidae. La revisión supragenérica de Krikken, (1984), eleva este grupo a un nivel de familia Cetoniidae, incluyendo en ella a las subfamilias Cetoniinae, Trichinae y Valginae las cuales conforman grupo monofilético relacionado con los Rutelinae-Dynastinae (Morón & Deloya, 1997) Esta propuesta es seguida por la escuela americana, sin embargo aún no existe un consenso entre los especialistas latinos y americanos. En el presente trabajo se adopta la propuesta latinoamericana.  aColeópteros aEscarabajos aMelolontidos 7aBiodiversidadzColombia2embne10aAmat García, Germán D.4auteaut0 tBiota Colombiana (Bogotá)gVol. 08, No. 01, Jun. 2007, p. 69-76w622333x0124-53760158974